| 000 | 01433nam a2200349 a 4500 | ||
|---|---|---|---|
| 999 |
_c529432 _d529432 |
||
| 001 | 1845076 | ||
| 003 | NUST | ||
| 005 | 20190926105035.0 | ||
| 008 | 820415s1981 dcu b 000 0 eng | ||
| 010 | _a 81084859 | ||
| 020 |
_a0309031680 (pbk.) : _c$8.40 |
||
| 038 | _aMSOHAIL | ||
| 040 |
_aDLC _cDLC _dDLC |
||
| 043 | _an-us--- | ||
| 050 | 0 | 0 |
_aHE308 _b.R6 |
| 082 | 0 | 0 |
_a388.4068 _219 |
| 100 | 1 |
_aRoark, John J. _921473 |
|
| 245 | 1 | 0 |
_aExperiences in transportation system management / _cJohn J. Roark. |
| 260 |
_aWashington, D.C. : _bTransportation Research Board, National Research Council, _c1981. |
||
| 300 |
_a88 p. ; _c28 cm. |
||
| 440 | 0 |
_aSynthesis of highway practice, _x0547-5570 ; _v81 _921474 |
|
| 500 | _aAt head of title: National Cooperative Highway Research Program. | ||
| 500 | _a"Research sponsored by the American Association of State Highway and Transportation Officials in cooperation with the Federal Highway Administration"--T.p. | ||
| 500 | _a"Project 20-5 FY 1979 (Topic 11-14)"--T.p. verso. | ||
| 504 | _aIncludes bibliographies. | ||
| 650 | 0 |
_aUrban transportation policy _zUnited States. _921475 |
|
| 650 | 0 |
_aUrban transportation _zUnited States. _921433 |
|
| 710 | 2 |
_aNational Research Council (U.S.). _bTransportation Research Board. _919676 |
|
| 710 | 2 |
_aNational Cooperative Highway Research Program. _920864 |
|
| 906 |
_a7 _bcbc _corignew _d2 _eopcn _f19 _gy-gencatlg |
||
| 942 |
_2ddc _cBK |
||